LEADER 00953cam0 2200241 450 001 E600200043352 005 20230728095015.0 100 $a20081217d1937 |||||ita|0103 ba 101 $aita 102 $aIT 200 1 $aGuida alla grammatica italiana con un prontuario delle incertezze. Libretto utile per ogni persona. Nuova edizione 25° migliaio$fAlfredo Panzini 210 $aFirenze$cR. Bemporad & figli$d1937 215 $a104 p.$d22 cm 700 1$aPanzini$b, Alfredo$3AF00014884$4070$03686 801 0$aIT$bUNISOB$c20230728$gRICA 850 $aUNISOB 852 $aUNISOB$j400$m75860 912 $aE600200043352 940 $aM 102 Monografia moderna SBN 941 $aM 957 $a400$b000335$gSi$d75860$1massimo$2UNISOB$3UNISOB$420081217142832.0$520150323165629.0$6Alfano 996 $aGuida alla grammatica italiana con un prontuario delle incertezze. Libretto utile per ogni persona. Nuova edizione 25° migliaio$91681054 997 $aUNISOB